| 000 | 01345cam a22003251i 4500 | ||
|---|---|---|---|
| 003 | SA-RiAUC | ||
| 005 | 20241118135643.0 | ||
| 008 | 241116s2008 ua g b 001 0 ara c | ||
| 020 | _z9789770315686 | ||
| 040 |
_aKW-ShULA _bara _cSA-RiAUC _erda |
||
| 082 | 0 | 4 |
_a346.02 _qSA-RiAUC |
| 090 |
_a346.02 _bغ و ل |
||
| 100 | 1 |
_aالغول، أحمد إبراهيم _eمؤلف. |
|
| 245 | 1 | 2 |
_aالأثر الرجعي في الفقه الإسلامي والقانون المدني : _bدراسة مقارنة / _cأحمد إبراهيم الغول. |
| 264 | 1 |
_aالإسكندرية، مصر : _bمنشأة المعارف، _c2008 |
|
| 300 |
_a849 صفحة ؛ _c24 سم. |
||
| 336 |
_aنص _btxt _2rdacontent _3كتاب |
||
| 337 |
_aبدون وسيط _bn _2rdamedia |
||
| 338 |
_aمجلد _bnc _2rdacarrier |
||
| 490 | 1 | _a الكتب القانونية | |
| 500 | _aكشافات : صفحة 813-835. | ||
| 504 | _aيشتمل على إرجاعات ببليوجرافية. | ||
| 504 | _aببليوجرافية : صفحة 763-812. | ||
| 650 | 7 |
_aالعقود (فقه إسلامي) _2aucsh |
|
| 650 | 7 |
_aالعقود (قانون مدني) _2aucsh |
|
| 650 | 7 |
_aالقانون المقارن _2aucsh |
|
| 830 | 2 | _aالكتب القانونية (منشأة المعارف) | |
| 942 |
_2ddc _cBOOK _n0 |
||
| 949 |
_aSA-JeALM _d241116 _umohamedma123 _n1 |
||
| 999 |
_c2465 _d2465 |
||